header

The book of visual studio.Net (Record no. 29471)

MARC details
000 -LEADER
fixed length control field 01278nam a2200325Ia 4500
082 04 - DEWEY DECIMAL CLASSIFICATION NUMBER
Classification number 005.2/76
100 1# - MAIN ENTRY--AUTHOR NAME
Personal name Dunaway, Robert B.
245 14 - TITLE STATEMENT
Title The book of visual studio.Net
260 ## - PUBLICATION, DISTRIBUTION, ETC. (IMPRINT)
Place of publication San Francisco, Calif. :
Name of publisher No Starch Press,
Year of publication c2002.
300 ## - PHYSICAL DESCRIPTION
Number of Pages xix, 369 p. :
Other physical details ill.
500 ## - GENERAL NOTE
General note Includes index.
650 #0 - SUBJECT ADDED ENTRY--TOPICAL TERM
Topical Term Microsoft .NET Framework.
Topical Term Web site development
Topical Term Application software
856 40 - ELECTRONIC LOCATION AND ACCESS
Uniform Resource Identifier http://site.ebrary.com/lib/rucke/Doc?id=10018405

No items available.

© 2026 Rongo University
Contact us: librarian | system librarian | Rongo university